| 000 | 00613nam a2200229Ia 4500 | ||
|---|---|---|---|
| 003 | OSt | ||
| 005 | 20220928103232.0 | ||
| 006 | a|||||r|||| 00| 0 | ||
| 007 | ta | ||
| 008 | 220927b |||||||| |||| 00| 0 eng d | ||
| 024 | _a35375 | ||
| 037 | _cTextual | ||
| 040 |
_aSDCL _cSDCL _beng |
||
| 041 |
_2eng _aeng |
||
| 082 | _aO152w,2x, P8 | ||
| 100 |
_aNaval Harish _9403014 |
||
| 245 | 0 |
_aNirala ki gali mein _b Tatha anya sansamaran. |
|
| 260 |
_aNew Delhi _bMedha Books _c2008 |
||
| 300 |
_a205p. _ccm. |
||
| 942 |
_hO152w,2x, P8 _cTEXL _2CC |
||
| 999 |
_c718815 _d718815 |
||